Statistics for Real Madrid - FC Barcelona 2015-2016

Click here to take the quiz!

General Stats

  • This quiz has been taken 1,361 times
  • The average score is 22 of 29

Answer Stats

Answer% Correct
Cristiano Ronaldo
98%
Lionel Messi
98%
Karim Benzema
96%
Luis Suarez ²
95%
Sergio Ramos
95%
Neymar ¹
94%
Gérard Piqué
93%
Luka Modric
93%
Marcelo
93%
Andrès Iniesta ¹
91%
Gareth Bale
90%
Toni Kroos
90%
Jordi Alba
88%
Keylor Navas
88%
Sergio Busquets
87%
Daniel Carvajal
86%
Raphaël Varane
86%
Dani Alvès
78%
Ivan Rakitic
76%
Claudio Bravo
73%
Isco
69%
Luis Enrique
68%
Javier Mascherano
65%
James Rodriguez
54%
Sergi Roberto
52%
Rafael Benitez
45%
Danilo
36%
Jérémy Mathieu
27%
Munir El Haddadi
20%

Score Distribution

Percentile by Number Answered

Percent of People with Each Score

Your Score History

You have not taken this quiz